Diễn biến hòa bình và chống chiến tranh diễn biến hòa bình

সংরক্ষণ করুন:
গ্রন্থ-পঞ্জীর বিবরন
প্রধান লেখক: Bộ Quốc phòng
বিন্যাস: গ্রন্থ
ভাষা:Undetermined
প্রকাশিত: Hà Nội Bộ Quốc phòng 1993
বিষয়গুলি:
ট্যাগগুলো: ট্যাগ যুক্ত করুন
কোনো ট্যাগ নেই, প্রথমজন হিসাবে ট্যাগ করুন!
Thư viện lưu trữ: Trung tâm Học liệu Trường Đại học Cần Thơ
LEADER 00619nam a2200181Ia 4500
001 CTU_4731
008 210402s9999 xx 000 0 und d
082 |a 320.521 
082 |b D305 
100 |a Bộ Quốc phòng 
245 0 |a Diễn biến hòa bình và chống chiến tranh diễn biến hòa bình 
245 0 |c Bộ Quốc phòng 
260 |a Hà Nội 
260 |b Bộ Quốc phòng 
260 |c 1993 
650 |a communism,military art and science,socialism 
904 |i Nguyễn Quang Điền, 960701 
980 |a Trung tâm Học liệu Trường Đại học Cần Thơ